Normal view
MARC view
- Committee on Planning and Design Policles American Association of State Highway Officials
Entry Personal Name
001 - CONTROL NUMBER
- control field: 44585
003 - CONTROL NUMBER IDENTIFIER
- control field: NUST
005 - DATE AND TIME OF LATEST TRANSACTION
- control field: 20210314133017.0
008 - FIXED-LENGTH DATA ELEMENTS
- fixed length control field: 210314|| aca||aabn | a|a d
040 ## - CATALOGING SOURCE
- Original cataloging agency: NUST
- Transcribing agency: NUST
100 ## - HEADING--PERSONAL NAME
- Personal name: Committee on Planning and Design Policles American Association of State Highway Officials
670 ## - SOURCE DATA FOUND
- Source citation: Work cat.: (NUST): Committee on Planning and Design Policles American Association of State Highway Officials, Geometric Design Guide for Local Roads and Streets
